El gaucho insufrible

Guardat en:
Dades bibliogràfiques
Autor principal: Bolaño, Roberto (Autor)
Format: Llibre
Idioma:espanyol
Publicat: Barcelona Anagrama 2010
Edició:3a. ed
Col·lecció:Colección Compactos, 469
Matèries:
Etiquetes: Afegir etiqueta
Sense etiquetes, Sigues el primer a etiquetar aquest registre!

MARC

LEADER 00000cam a2200000 a 4500
001 UCG2805
003 CL-VaPUC
008 100723e20100100SP |||||||||||||||||spa|d
020 |a 9788433973252 
082 0 4 |a Ch863  |b BOL  |2 21 
100 0 |a Bolaño, Roberto  |e author  |9 551428 
245 1 3 |a El gaucho insufrible 
250 |a 3a. ed 
300 |a 177 p 
942 |c BK 
945 |d 20100723 00:00:00  |a mfarfan 
260 |a Barcelona  |b Anagrama  |c 2010 
650 0 |a Novelas chilenas   |9 265425 
650 0 |a Literatura chilena   |9 308278 
650 0 |a Escritores chilenos   |9 420370 
583 |a last modification  |c 20120313 09:30:36  |k Rodrigo Vera 
490 0 |a Colección Compactos, 469 
999 |c 341928  |d 341926 
952 |0 0  |1 0  |4 0  |6 CH_863_000000000000000_BOL_2010  |7 0  |8 R  |9 437776  |a BIBEDU  |b BIBEDU  |d 2019-11-22  |i 469905K  |o Ch863 BOL 2010  |p 469905K  |r 2019-11-22  |w 2019-11-22  |y BK_R  |k LIT 
952 |0 0  |1 0  |4 0  |6 CH_863_000000000000000_BOL_2010  |7 0  |8 R  |9 437777  |a BIBEDU  |b BIBEDU  |c MCIRC  |d 2019-11-22  |i 4699068  |l 1  |m 1  |o Ch863 BOL 2010  |p 4699068  |r 2023-10-03  |s 2023-09-20  |w 2019-11-22  |y BK_R  |k LIT